000 00764nas a2200265 4500
001 BR0303956
003 BR-BrBNA
005 20231205103940.0
007 ta
008 230509b bl.|||p| |||| 00| 00por d
040 _aBR-BrBNA
_bpor
_cBiblioteca Nacional de Agricultura
041 _a(Pt)
072 _aF01
100 1 _aSilva, F.M.
100 1 _aSalvador, N.
100 1 _aRodrigues, R.F.
100 1 _aTourino, E.S.
245 1 _aAvaliação da colheita do café totalmente mecanizada
650 _aCAFÉ
650 _aCOLHEITA
650 _aMECANIZAÇÃO AGRÍCOLA
773 0 _tEngenharia Agrícola (Brazil)
_xISSN 0100-6916
_g(May-Aug 2003), v. 23(2) p. 309-315
_wBR0303956
909 _a202311
_bLúcia
_c55
_dLúcia Elande
942 _2AGRIS
_n0
_cANA
999 _c175595
_d175595